Countries by a Single Word #1 - Statistics

General Stats
  • This quiz has been taken 117 times
  • The average score is 13 of 15
Answer Stats
Word Country % Correct
Sushi Japan
100%
Pyramid Egypt
99%
Hitler Germany
98%
Taco Mexico
97%
Napoleon France
95%
Colosseum Italy
95%
Queen United Kingdom
94%
Fjords Norway
90%
Moose Canada
86%
Kremlin Russia
85%
Capitalism United States of America
85%
Outback Australia
83%
Celtics Ireland
81%
Lemur Madagascar
76%
Apartheid South Africa
76%
No matching quizzes found
Score Distribution
Percent of People with Each Score
Percentile by Number Answered
Your Score History
You have not taken this quiz